| 000 | 00772nam a2200253Ia 4500 | ||
|---|---|---|---|
| 003 | OSt | ||
| 005 | 20221005050034.0 | ||
| 006 | a|||||r|||| 00| 0 | ||
| 007 | ta | ||
| 008 | 221004b |||||||| |||| 00| 0 ben d | ||
| 020 |
_a8176126470 (hbk) _c100 |
||
| 024 | _a4217 | ||
| 037 |
_b790, 19/03/2013, Bright Book Service _cTextual |
||
| 040 |
_aCRL _cCRL _bben |
||
| 041 |
_2ben _aben |
||
| 082 | _aO157,3N303x, P9.10 | ||
| 100 | _aSiraj Syed Mustafa | ||
| 245 | 0 | _aColonel samagra | |
| 260 |
_aKolkata _bSudhangshu Sekhar Dey Dey's Publishing India _c2009 |
||
| 490 | _vVol. 10 | ||
| 650 | _aBENGALI LITERATURE | ||
| 942 |
_hO157,3N303x, P9.10 _cTEXL _2cc |
||
| 999 |
_c956173 _d956173 |
||